El Bullyng y su presencia en dos establecimientos educacionales congregacionales.

Salvato in:
Dettagli Bibliografici
Autore principale: Cruces Andrade, Luis Paulino
Ente Autore: Univerdidad Adventista de Chile. Facultad de Educación y Ciencias Sociales
Altri autori: Leiva Caro, Humberto Luis, Pincheira Fuentealba, David Omar (Profesor Guía:)
Natura: Tesi Libro
Lingua:spagnolo
Pubblicazione: Chillán, Chile. 2008.
Soggetti:
Accesso online:Visualizar y Descargar desde Repositorio Biblioteca UnACh
Tags: Aggiungi Tag
Nessun Tag, puoi essere il primo ad aggiungerne!!

MARC

LEADER 00000nam a2200000 a 4500
003 CL-ChBUA
005 20240708112106.0
007 ta
008 090723s2008 cl ||||| |||| ||||||spa
040 |a CL-ChBUA  |c CL-ChBUA 
090 |a Sem. Hist. y Geo. Lic. Ed.  |b C 955  |c 2008 
100 1 |a Cruces Andrade, Luis Paulino. 
245 1 0 |a El Bullyng y su presencia en dos establecimientos educacionales congregacionales.   |b    |c Luis Paulino Cruces Andrade Humberto, Luis Leiva Caro; Profesor Guía: David Omar Pincheira Fuentealba.   |h SEMINARIO.  
260 |a Chillán, Chile.   |c 2008. 
300 |a 86 hojas.   |b Figuras.   |e 1 CD-ROM. 
336 |2 rdacontent  |a text  |b txt 
337 |2 rdamedia  |a computer  |b c 
338 |2 rdacarrier  |a computer disc  |b cd 
500 |a CD-ROM contiene el Seminario en formato digital. 
502 |a Seminario para optar al título de Profesor de Historia y Geografía y grado de Licenciado en Educación. Universidad Adventista de Chile, Chillán, 2008.  
504 |a Bibliografía: h. 80-81 
504 |a Anexos: h. 82-86 
505 |a RESUMEN El presente trabajo es resultado de una investigación enfocada en la problemática del Bullying o maltrato escolar y de cómo éste se presenta, específicamente en dos establecimientos educativos. Es así que en el presente trabajo fue utilizado un instrumento de recolección de datos por medio de un cuestionario. Éste fue aplicado a un total de 240 alumnos entre ambos establecimientos. Esto tuvo por fin recopilar información que indicara las principales causas del bullying; su manifestación en distintos contextos; las personas que participan o intervienen lo cual se constituyó en base para la presentación de propuestas metodológicas, que están enfocadas en la aplicación de una intervención anti-bullying destinadas a paliar y disminuir presencia en estos colegios de dicha problemática. De esta manera se presentan, finalmente, una serie de sugerencias que, realizadas en su conjunto y en un ambiente proclive a la prevención, permitirán mejorar las relaciones entre los estudiantes de ambos establecimientos y disminuir los casos de bullying que pudieren presentarse en ellos.  
650 4 |a BULLYING  |x NIÑOS DESADAPTADOS SOCIALES 
650 4 |a VIOLENCIA ESCOLAR.  |x EDUCACIÓN. 
700 1 |a Leiva Caro, Humberto Luis. 
700 1 |a Pincheira Fuentealba, David Omar   |e Profesor Guía:  
710 |a Univerdidad Adventista de Chile.   |b Facultad de Educación y Ciencias Sociales.  
856 |u https://repositoriobiblio.unach.cl/entities/publication/b331303f-ef3b-42b0-92bc-c89468e75eda  |z Visualizar y Descargar desde Repositorio Biblioteca UnACh 
942 |c LTS  |2 ddc 
945 |0 Actualización (lva) 
952 |0 0  |1 0  |4 0  |7 0  |9 62360  |a UNACH  |b UNACH  |c Hemeroteca  |d 2009-07-23  |i 45.153  |l 1  |o Sem. Lic. Ed. / Hria y Geo C 955 2008  |p 63495  |r 2016-10-24 00:00:00  |s 2016-10-24  |u 62360  |w 2012-08-08  |y LTS  |k Sem. Lic. Ed. / Hria y Geo C 955 2008 
999 |c 26431  |d 26431